लोकोन्मुख कवि निरालाःप्रतिनिधि कृतियों का भाव-सौन्दर्य (Record no. 5307)

MARC details
000 -LEADER
fixed length control field 01210 a2200229 4500
005 - DATE AND TIME OF LATEST TRANSACTION
control field 20080909112916.0
008 - FIXED-LENGTH DATA ELEMENTS--GENERAL INFORMATION
fixed length control field 080909t xxu||||| |||| 00| 0 hin d
010 ## - LIBRARY OF CONGRESS CONTROL NUMBER
LC control number HIN-80256
020 ## - INTERNATIONAL STANDARD BOOK NUMBER
International Standard Book Number 8181600509
Terms of availability 200.00
035 ## - SYSTEM CONTROL NUMBER
System control number HN-52602
037 ## - SOURCE OF ACQUISITION
Source of stock number/acquisition D.B.Act / pub
082 ## - DEWEY DECIMAL CLASSIFICATION NUMBER
Classification number 821.08
100 ## - MAIN ENTRY--PERSONAL NAME
Personal name विद्यार्थी, वि.
245 ## - TITLE STATEMENT
Title लोकोन्मुख कवि निरालाःप्रतिनिधि कृतियों का भाव-सौन्दर्य
Statement of responsibility, etc वि. विद्यार्थी
246 ## - VARYING FORM OF TITLE
Title proper/short title Lokonmukh Kavi Nirala
Remainder of title by V. Vidhyarathi
260 ## - PUBLICATION, DISTRIBUTION, ETC. (IMPRINT)
Place of publication, distribution, etc नई दिल्ली
Name of publisher, distributor, etc सार्थक प्रकाशन
Date of publication, distribution, etc 2007
270 ## - ADDRESS
Address 100 ए, गौतम नगर
City नई दिल्ली
Postal code 110049
Telephone number 26567317
300 ## - PHYSICAL DESCRIPTION
Extent 119पृ
Dimensions 22 सेमी(सजिल्द)
650 ## - SUBJECT ADDED ENTRY--TOPICAL TERM
Topical term or geographic name as entry element (Criticism)
942 ## - ADDED ENTRY ELEMENTS (KOHA)
Institution code [OBSOLETE] dpl
Koha item type Hindi Books
Call number prefix 821.08 / विद्यार्थी
Source of classification or shelving scheme Dewey Decimal Classification
Classification part 821.08
Call number suffix विद्यार्थी
Holdings
Withdrawn status Lost status Damaged status Not for loan Home library Current library Date acquired Cost, normal purchase price Total Checkouts Full call number Barcode Date last seen Copy number Uniform Resource Identifier Cost, replacement price Price effective from Koha item type
        D.B.Act.Division D.B.Act.Division 09/09/2008 200.00   821.08 विद्यार्थी HN-52602 15/09/2008 1 5647 200.00 15/09/2008 Hindi Books

© Delhi Public Library
Hit Counter
free hit counter